Praktičeskaja psichologija dlja diplomatov
Enregistré dans:
| Format: | Livre |
|---|---|
| Langue: | russe |
| Publié: |
Moskva
Izdateľstvo MGIMO-Universitet
2011
|
| Édition: | 2. izd., razš. i pererab. |
| Collection: | Učebniki MGIMO
|
| Sujets: | |
| Tags: |
Pas de tags, Soyez le premier à ajouter un tag!
|
MARC
| LEADER | 00000nam a2200000 4500 | ||
|---|---|---|---|
| 001 | 0176485 | ||
| 005 | 20230113124449.2 | ||
| 020 | |a 978-5-9228-0759-3 | ||
| 041 | 0 | |a rus | |
| 044 | |a RU | ||
| 245 | 1 | 0 | |a Praktičeskaja psichologija dlja diplomatov |
| 250 | |a 2. izd., razš. i pererab. | ||
| 264 | 1 | |a Moskva |b Izdateľstvo MGIMO-Universitet |c 2011 | |
| 300 | |a 507 s. | ||
| 490 | 1 | |a Učebniki MGIMO | |
| 830 | 0 | |a Učebniki MGIMO | |
| 610 | 2 | 0 | |a psychológia |
| 610 | 2 | 0 | |a diplomati |
| 610 | 2 | 0 | |a diplomacia |
| 610 | 2 | 0 | |a psychológia sociálna |
| 610 | 2 | 0 | |a porovnanie medzinárodné |
| 610 | 2 | 0 | |a ženy |
| 610 | 2 | 0 | |a náboženstvo |
| 610 | 2 | 0 | |a zvyklosti kultúrne |